Statistics for Premier League 21/22 matchweek 10 King of the match

Click here to take the quiz!

General Stats

  • This quiz has been taken 8 times
  • The average score is 8 of 10

Answer Stats

HintAnswer% Correct
Man City 0-2 Crystal PalaceConor Gallagher
100%
Tottenham 0-3 Man UnitedCristiano Ronaldo
100%
Leicester 0-2 ArsenalAaron Ramsdale
88%
Norwich 1-2 LeedsRaphinha
88%
Newcastle 0-3 ChelseaReece James
88%
Watford 0-1 SouthamptonChe Adams
75%
Aston Villa 1-4 West HamDeclan Rice
75%
Wolves 2-1 EvertonRaul Jimenez
75%
Liverpool 2-2 BrightonMohamed Salah
50%
Burnley 3-1 BrentfordMatthew Lowton
13%

Score Distribution

Percentile by Number Answered

Percent of People with Each Score

Your Score History

You have not taken this quiz